<?xml version="1.0" encoding="UTF-8"?>
<record
    xmlns:xsi="http://www.w3.org/2001/XMLSchema-instance"
    xsi:schemaLocation="http://www.loc.gov/MARC21/slim http://www.loc.gov/standards/marcxml/schema/MARC21slim.xsd"
    xmlns="http://www.loc.gov/MARC21/slim">

  <leader>00767cam a2200217 i 4500</leader>
  <controlfield tag="003">OSt</controlfield>
  <controlfield tag="005">20260701113351.0</controlfield>
  <controlfield tag="008">230518s2024    nyu      b    001 0 eng  </controlfield>
  <datafield tag="020" ind1=" " ind2=" ">
    <subfield code="a">9780367367152</subfield>
    <subfield code="q">(hbk)</subfield>
  </datafield>
  <datafield tag="020" ind1=" " ind2=" ">
    <subfield code="a">9780367367169</subfield>
    <subfield code="q">(pbk)</subfield>
  </datafield>
  <datafield tag="020" ind1=" " ind2=" ">
    <subfield code="z">9780429350931</subfield>
    <subfield code="q">(ebk)</subfield>
  </datafield>
  <datafield tag="040" ind1=" " ind2=" ">
    <subfield code="a">KABLIB</subfield>
    <subfield code="b">eng</subfield>
    <subfield code="e">rda</subfield>
    <subfield code="c">KABLIB</subfield>
  </datafield>
  <datafield tag="082" ind1="0" ind2="0">
    <subfield code="a">370.72</subfield>
    <subfield code="2">23</subfield>
    <subfield code="b">EDU</subfield>
  </datafield>
  <datafield tag="245" ind1="0" ind2="0">
    <subfield code="a">Educational research for early childhood studies projects :</subfield>
    <subfield code="b">A step-by-step guide for student practitioners /</subfield>
    <subfield code="c"> Jan Gourd. [Editor]</subfield>
  </datafield>
  <datafield tag="264" ind1=" " ind2="1">
    <subfield code="a">New York :</subfield>
    <subfield code="b">Routledge, Taylor &amp; Francis Group,</subfield>
    <subfield code="c">c2024.</subfield>
  </datafield>
  <datafield tag="300" ind1=" " ind2=" ">
    <subfield code="a">x, 126 p. ;</subfield>
    <subfield code="c">25 cm</subfield>
  </datafield>
  <datafield tag="504" ind1=" " ind2=" ">
    <subfield code="a">Includes bibliographical references, index.</subfield>
  </datafield>
  <datafield tag="650" ind1=" " ind2="0">
    <subfield code="a">Early childhood education</subfield>
    <subfield code="9">4441</subfield>
  </datafield>
  <datafield tag="700" ind1="1" ind2=" ">
    <subfield code="a">Gourd, Jan,</subfield>
    <subfield code="e">editor.</subfield>
    <subfield code="9">15846</subfield>
  </datafield>
  <datafield tag="942" ind1=" " ind2=" ">
    <subfield code="2">ddc</subfield>
    <subfield code="c">BOOK</subfield>
  </datafield>
  <datafield tag="999" ind1=" " ind2=" ">
    <subfield code="c">6230</subfield>
    <subfield code="d">6230</subfield>
  </datafield>
  <datafield tag="952" ind1=" " ind2=" ">
    <subfield code="0">0</subfield>
    <subfield code="1">0</subfield>
    <subfield code="2">ddc</subfield>
    <subfield code="4">0</subfield>
    <subfield code="7">0</subfield>
    <subfield code="a">EDU</subfield>
    <subfield code="b">EDU</subfield>
    <subfield code="c">Open</subfield>
    <subfield code="d">2026-07-01</subfield>
    <subfield code="e">Purchased</subfield>
    <subfield code="l">0</subfield>
    <subfield code="o">370.72 EDU</subfield>
    <subfield code="p">14860</subfield>
    <subfield code="r">2026-07-01 11:37:06</subfield>
    <subfield code="w">2026-07-01</subfield>
    <subfield code="y">BOOK</subfield>
  </datafield>
  <datafield tag="952" ind1=" " ind2=" ">
    <subfield code="0">0</subfield>
    <subfield code="1">0</subfield>
    <subfield code="2">ddc</subfield>
    <subfield code="4">0</subfield>
    <subfield code="7">0</subfield>
    <subfield code="a">EDU</subfield>
    <subfield code="b">EDU</subfield>
    <subfield code="c">Open</subfield>
    <subfield code="d">2026-07-01</subfield>
    <subfield code="e">Purchased</subfield>
    <subfield code="l">0</subfield>
    <subfield code="o">370.72 EDU</subfield>
    <subfield code="p">14861</subfield>
    <subfield code="r">2026-07-01 11:37:06</subfield>
    <subfield code="w">2026-07-01</subfield>
    <subfield code="y">BOOK</subfield>
  </datafield>
</record>
